Dearing and Beyond (Record no. 26050)

MARC details
000 -LEADER
fixed length control field 00328nam a2200145Ia 4500
008 - FIXED-LENGTH DATA ELEMENTS--GENERAL INFORMATION
fixed length control field 230718s9999 xx 000 0 und d
041 ## - LANGUAGE CODE
-- Eng.
082 ## - DEWEY DECIMAL CLASSIFICATION NUMBER
Classification number 197.3
Item number MAD-D
100 ## - MAIN ENTRY--AUTHOR
Author Name Madsma, ANN
245 #0 - TITLE STATEMENT
Title Dearing and Beyond
260 ## - PUBLICATION, DISTRIBUTION, ETC.
Place of Publication Pakistan
Name of publisher, distributor, etc. oxford curately
Date of publication, distribution, etc. 1997
300 ## - PHYSICAL DESCRIPTION
Pages 218
650 ## - SUBJECT ADDED ENTRY--TOPICAL TERM
Subject / Department Law
952 ## - LOCATION AND ITEM INFORMATION (KOHA)
-- 0
-- 0
Holdings
Lost status Damaged status Permanent Location Current Location Date acquired Full Call Number Accession No./Barcode Date last seen item type
    Superior Information Resource Center (SIRC) Superior University-Law Campus Superior Information Resource Center (SIRC) Superior University-Law Campus 07/18/2023 197.3 MAD-D 21002 07/18/2023 BOOK

Powered by Koha